000 00277nam a2200109 a 4500
005 20140414093833.0
008 970110s19uu xx 00 eng d
050 _aVHS 700
_bOR 02
245 _aMusic Magic Video Library :
_bHow We Make Music.
942 _cAVM
999 _c108826
_d108826